000 00323nam a2200133Ia 4500
008 100328s9999 xx 000 0 und d
082 _b48125
100 _aभागवत दुर्गा
245 _aकदंब
260 _bअथेना
630 _aकदंब
730 _aकदंब
942 _cBOOK
999 _c535800
_d535797